000 00540nam a22001697a 4500
003 NUST
038 _aNusrat Nadeem
082 _a200
100 _aHassan, Amna
_9120142
245 _aWheat Rust Disease Detection and Classification in Complex Natural Backgrounds/
_cAmna Hassan
264 _aIslamabad,
_bSEECS NUST,
_c2023.
300 _aill:
_b75,p:
_c30,cm.
650 _a MS-Data Science
_9123017
700 _aSupervisor: Dr. Rafia Mumtaz
_996700
856 _uhttp://10.250.8.41:8080/xmlui/handle/123456789/41930
942 _2ddc
_cSC
999 _c607567
_d607567